000 00710nas a2200241 i 4500
001 1108
003 ES-MaACL
005 20250814062551.0
007 t|
008 950801c1960 sp | | 1 ||pa d
080 _a06
245 0 0 _aEspaña coleccionista
_b: órgano de la Sociedad Filatélica de Madrid.
260 _aMadrid :
_b[s.n.],
_c1960-
300 _a1 v. ;
_c34 cm.
310 _aTrimestral
362 0 _aAño 1, n. 1 (1960)-
650 1 4 _aIndustria. Comunicaciones.
_913720
650 4 _aInstituciones científicas y diversas
_913829
710 2 _aSociedad Filatélica de Madrid.
_96769
852 _aES-MaACL
_jHEM-H-287
_xHEM-1455
_d
866 0 _o1960(1961f.n.4).
999 _c1108
_d1108